Out of the wilderness. (Record no. 10423)

000 -LEADER
fixed length control field 00669nam a2200205u 4500
001 - CONTROL NUMBER
control field 7842518
003 - CONTROL NUMBER IDENTIFIER
control field OkBaRHE
005 - DATE AND TIME OF LATEST TRANSACTION
control field 20120202131653.0
008 - FIXED-LENGTH DATA ELEMENTS--GENERAL INFORMATION
fixed length control field 830309s1939 miu 000 0 eng
010 ## - LIBRARY OF CONGRESS CONTROL NUMBER
LC control number 39006241
040 ## - CATALOGING SOURCE
Original cataloging agency DLC
Transcribing agency CarP
Modifying agency DLC
050 00 - LIBRARY OF CONGRESS CALL NUMBER
Classification number BX 1765
Item number .C3 1939
100 1# - MAIN ENTRY--PERSONAL NAME
Personal name Carrara, John,
Dates associated with a name 1913- [from old catalog]
9 (RLIN) 1957
245 00 - TITLE STATEMENT
Title Out of the wilderness.
260 ## - PUBLICATION, DISTRIBUTION, ETC. (IMPRINT)
Place of publication, distribution, etc Grand Rapids, Mich.,
Name of publisher, distributor, etc Zondervan publishing house
Date of publication, distribution, etc [c1939]
300 ## - PHYSICAL DESCRIPTION
Extent x p., 1 l.,
Other physical details 13-151 p.
Dimensions 20 cm.
610 20 - SUBJECT ADDED ENTRY--CORPORATE NAME
Corporate name or jurisdiction name as entry element Catholic church
General subdivision Doctrinal and controversial works
-- Protestant authors.
9 (RLIN) 1958
906 ## - LOCAL DATA ELEMENT F, LDF (RLIN)
a 0
b cbc
c premunv
d u
e ncip
f 19
g y-gencatlg
942 ## - ADDED ENTRY ELEMENTS (KOHA)
Source of classification or shelving scheme
Koha item type Books
Copies
Damaged status Source of classification or shelving scheme Not for loan Barcode Shelving location Lost status Full call number Date last seen Koha item type Copy number Withdrawn status Permanent Location Current Location Date acquired Price effective from
   8209General Stacks BX 1765 .C3 19392010-04-14Books1 RHEMA Bible Training CollegeRHEMA Bible Training College2010-04-142010-04-14